|
|
|
|
| LEADER |
00000cam a2200000 a 4500 |
| 001 |
vtls001514935 |
| 003 |
SK-MaSNL |
| 005 |
20260302073826.0 |
| 008 |
240314s1599 gw a lat |
| 015 |
|
|
|a SNBHFA1599
|
| 035 |
|
|
|a 22981D89-4889-4075-A419-2667D289D92B
|
| 035 |
|
|
|a 60E6760C-FAD2-4D15-9AA9-8E1CF25BDCFB
|
| 035 |
|
|
|a urn:nbn:sk:snk-am00ifa6
|
| 035 |
|
|
|a urn:nbn:sk:snk-amybtz
|
| 035 |
|
|
|a urn:nbn:sk:snk-am00cad7
|
| 040 |
|
|
|a SNKHFA
|b slo
|c SNKHFA
|e AACR2
|
| 041 |
|
|
|a lat
|
| 044 |
|
|
|a gw
|c DE
|
| 100 |
1 |
|
|a Piscator, Johannes,
|d 1546-1626
|4 aut
|9 172663
|
| 245 |
1 |
0 |
|a De Justificatione Hominis Coram Deo, Libri Duo
|b Oppositi Sophismatis Roberti Belarmini Jesuitae
|c Per Johannem Piscatorem, Professorem sacrarum literarum in illustri schola Nassovica Sigenensi
|
| 260 |
|
|
|a Herbornae Nassoviorvm
|b Ex officina Christophori Corvini
|c CIﮟ Iﮟ XCIX. [1599]
|
| 300 |
|
|
|a [8], 104 s.
|c 17 cm
|
| 500 |
|
|
|a Signet, vlys, linka, iniciálky s ornamentálnym pozadím vo voľnom priestore na 4 - 5 r., marginálie, rukopisné poznámky v latinčine a slovenčine
|
| 501 |
|
|
|a Príväzok 2. k: PISCATOR, Johannes: Disputatio Theologica. Herbornae Nassoviorum : Ex officina Christophori Corvini, CI) I) XCIIX. [1598].
|5 SNK ID 99534
|
| 508 |
|
|
|a Ded.: Piscator, Johannes; Toussain, Daniel; Wängler, David; Kimedoncius, Jakob st.
|
| 510 |
4 |
|
|a VD 16 P/2961
|
| 561 |
|
|
|a Z knižnice Antona Augustína Baníka.
|5 SNK ID 99534, prív. 2
|
| 650 |
0 |
7 |
|a polemiky
|2 SNKPH
|9 29821
|
| 700 |
1 |
|
|a Bellarmino, Roberto,
|c svätý,
|d 1542-1621
|4 aut
|9 173739
|
| 700 |
1 |
|
|a Rab, Christoph,
|d 1552-1620
|4 prt
|9 172664
|
| 700 |
1 |
|
|a Piscator, Johannes,
|d 1546-1626
|4 dto
|9 172663
|
| 700 |
1 |
|
|a Toussain, Daniel
|4 hnr
|9 617547
|
| 700 |
1 |
|
|a Wängler, David
|4 hnr
|9 497594
|
| 700 |
1 |
|
|a Kimedoncius, Jakob
|c st.
|d z. 1596
|4 hnr
|9 128612
|
| 710 |
0 |
|
|a Rab, Christoph (Herborn, Nemecko),
|d 1585-1620
|4 prt
|9 305204
|
| 752 |
|
|
|a Nemecko
|d Herborn
|
| 852 |
|
|
|a Slovenská národná knižnica
|b Historické fondy
|
| 852 |
|
|
|a snk
|b Historické fondy
|p ID 36073, prív. 2
|
| 852 |
|
|
|a snk
|b Baníkova knižnica
|p ID 99534, prív. 2
|
| 958 |
|
|
|a ONDV
|
| 999 |
|
|
|c 1162583
|d 1164513
|
| 952 |
|
|
|t Bk 156, prív. 2
|a SNK
|b SNK
|c SNK_HF
|y PREZ
|7 0
|p 17A1129826
|o snkID 99534/prív.2
|8 5
|0 0
|1 0
|4 0
|d 2017-01-18
|f 1
|l 0
|r 2026-02-24 20:38:22
|w 2026-02-24
|
| 952 |
|
|
|t I16
|a SNK
|b SNK
|c SNK_HF
|y PREZ
|7 0
|p 17A1129829
|o snkID 36073/prív.2
|8 3
|0 0
|1 0
|4 0
|d 2005-04-05
|f 1
|l 0
|r 2005-04-05 00:00:00
|w 2026-02-24
|